000 00663nam a2200217Ii 4500
003 JO-AjNU
008 230605s9999||||xx |||||||||||||| ||und||
017 _a2006/9/2496
040 _aJO-AjNU
_bara
_erda
_cJO-AjNU
041 _aara
050 1 4 _aPJ7858.A285.N3 2006
100 3 _aالقهوجي، منيره,
_eauthor
_957481
245 0 0 _aنافذتان على الوطن
250 _aط1
264 3 1 _aعمان: المؤلف،2006
300 _a61ص
336 _atext
_btxt
_2rdacontent
337 _aunmediated
_bn
_2rdamedia
338 _avolume
_bnc
_2rdacarrier
650 4 _aالقصه العربيه القصيره-العصر الحديث
_957482
999 _aA25763
_c29331
_d29331